[Event "Dortmunder SV-SF Kirchhellen"]
[Site "Dortmund"]
[Date "2023.11.19"]
[Round "4.2"]
[White "Mallee, Ralph"]
[Black "Schlüter, Christoph"]
[Result "1/2-1/2"]
[WhiteElo "2069"]
[BlackElo "1956"]
[Annotator "Rnd./Pair./Board: 04.003.02"]
[PlyCount "62"]
[EventDate "2023.??.??"]
[SourceDate "2023.11.29"]
[WhiteTeam "Dortmunder SV"]
[BlackTeam "SF Kirchhellen"]

1. e4 c5 2. c3 Nf6 3. e5 Nd5 4. d4 cxd4 5. cxd4 e6 6. Nf3 Nc6 7. Nc3 d6 8. exd6
Bxd6 9. Bd3 h6 10. O-O O-O 11. Re1 Ncb4 12. Bb1 Bd7 13. a3 Nxc3 14. bxc3 Nd5
15. Qd3 f5 16. c4 Nf4 17. Bxf4 Bxf4 18. Ba2 Re8 19. Ne5 Bxe5 20. Rxe5 Qf6 21.
Rae1 Rad8 22. c5 Kh7 23. h3 a6 24. d5 Bb5 25. Qf3 exd5 26. Rxe8 Bxe8 27. Bxd5
Qd4 28. Bxb7 Qxc5 29. Bxa6 Qa5 30. Qe2 Bh5 31. Qf1 Qxa3 1/2-1/2

[Event "Dortmunder SV-SF Kirchhellen"]
[Site "Dortmund"]
[Date "2023.11.19"]
[Round "4.3"]
[White "Sinnwell, Horst"]
[Black "Zeldin, Vitali"]
[Result "1-0"]
[WhiteElo "1954"]
[BlackElo "1985"]
[Annotator "Rnd./Pair./Board: 04.003.03"]
[PlyCount "71"]
[EventDate "2023.??.??"]
[SourceDate "2023.11.29"]
[WhiteTeam "SF Kirchhellen"]
[BlackTeam "Dortmunder SV"]

1. Nf3 c5 2. c4 Nc6 3. d4 cxd4 4. Nxd4 d6 5. e3 Nf6 6. Nc3 g6 7. Be2 Bg7 8. O-O
O-O 9. b3 a6 10. Bb2 e6 11. Rc1 Bd7 12. Rc2 Qc7 13. Rd2 Rfd8 14. Nxc6 Bxc6 15.
Qa1 e5 16. Rfd1 Rd7 17. Bf3 b5 18. Nd5 Bxd5 19. Bxd5 Rad8 20. cxb5 axb5 21. a4
bxa4 22. bxa4 Nxd5 23. Rxd5 Ra8 24. a5 Ra6 25. h3 Rd8 26. Qa3 Rb8 27. Bc3 Bf8
28. Bb4 Rd8 29. Qd3 Rda8 30. Rb1 Rc6 31. Bd2 Rc5 32. Qb3 Qc6 33. Rxc5 Qxc5 34.
Qb7 Qa7 35. Qd5 Rc8 36. Rb7 1-0

[Event "Dortmunder SV-SF Kirchhellen"]
[Site "Dortmund"]
[Date "2023.11.19"]
[Round "4.4"]
[White "Meinschien, Finn"]
[Black "Schüppel, Werner"]
[Result "1-0"]
[WhiteElo "1916"]
[BlackElo "1915"]
[Annotator "Rnd./Pair./Board: 04.003.04"]
[PlyCount "83"]
[EventDate "2023.??.??"]
[SourceDate "2023.11.29"]
[WhiteTeam "Dortmunder SV"]
[BlackTeam "SF Kirchhellen"]

1. e4 g6 2. d4 Bg7 3. Nc3 d6 4. Be3 Nd7 5. Qd2 e5 6. O-O-O exd4 7. Bxd4 Ngf6 8.
Be2 O-O 9. g4 Qe7 10. f3 Nc5 11. g5 Ne8 12. Nd5 Qd8 13. h4 Ne6 14. Bxg7 N6xg7
15. f4 c6 16. Nc3 Qa5 17. h5 d5 18. hxg6 fxg6 19. exd5 cxd5 20. Bf3 Be6 21. Qh2
Nh5 22. Bxh5 gxh5 23. Qxh5 Qc7 24. Nge2 Rd8 25. g6 Bf5 26. Rdg1 d4 27. gxh7+
Kh8 28. Qxf5 Ng7 29. Nd5 Rxf5 30. Nxc7 d3 31. Rxg7 dxe2 32. Rg8+ Rxg8 33.
hxg8=Q+ Kxg8 34. Kd2 Rxf4 35. Re1 Rd4+ 36. Kc1 a6 37. Rxe2 Kf7 38. Ne6 Rd6 39.
Nc5 b5 40. Nd3 Kf6 41. Kd2 Rc6 42. c3 1-0

[Event "Dortmunder SV-SF Kirchhellen"]
[Site "Dortmund"]
[Date "2023.11.19"]
[Round "4.5"]
[White "Borgs, Martin"]
[Black "Brockmann, Fabian"]
[Result "1/2-1/2"]
[WhiteElo "1899"]
[BlackElo "1957"]
[Annotator "Rnd./Pair./Board: 04.003.05"]
[PlyCount "27"]
[EventDate "2023.??.??"]
[SourceDate "2023.11.29"]
[WhiteTeam "SF Kirchhellen"]
[BlackTeam "Dortmunder SV"]

1. d4 Nf6 2. Nf3 c5 3. c4 cxd4 4. Nxd4 Nc6 5. Nc3 d5 6. Nxc6 bxc6 7. e3 Be6 8.
Qa4 Qd7 9. Be2 g6 10. O-O Bg7 11. Rd1 O-O 12. cxd5 cxd5 13. Qxd7 Bxd7 14. Bf3
1/2-1/2

[Event "Dortmunder SV-SF Kirchhellen"]
[Site "Dortmund"]
[Date "2023.11.19"]
[Round "4.6"]
[White "Alarand, Beshr"]
[Black "Andersen, Knut"]
[Result "1-0"]
[WhiteElo "1934"]
[BlackElo "1949"]
[Annotator "Rnd./Pair./Board: 04.003.06"]
[PlyCount "97"]
[EventDate "2023.??.??"]
[SourceDate "2023.11.29"]
[WhiteTeam "Dortmunder SV"]
[BlackTeam "SF Kirchhellen"]

1. e4 c5 2. Nf3 Nc6 3. Bb5 Nf6 4. Nc3 d6 5. e5 Ng4 6. Bxc6+ bxc6 7. Qe2 e6 8.
Qe4 Nxe5 9. Nxe5 dxe5 10. Qxe5 Ba6 11. d3 c4 12. Qe4 Rc8 13. dxc4 Bb4 14. Bd2
O-O 15. a3 Be7 16. Na4 c5 17. Bc3 Qd7 18. b3 Bb7 19. Qg4 g6 20. O-O Qc6 21. f3
Rcd8 22. Nb2 Qc7 23. Nd3 f5 24. Qf4 Qxf4 25. Nxf4 Kf7 26. Rfe1 Rd6 27. Rad1
Rxd1 28. Rxd1 Rd8 29. Rxd8 Bxd8 30. Be5 Ke7 31. Bb8 Bb6 32. h4 Kf6 33. Nd3 Ke7
34. Kf2 Kd7 35. Ke3 Bc8 36. Ne5+ Ke8 37. Bd6 a6 38. Nd3 Bd8 39. Nxc5 Bxh4 40.
b4 Be1 41. b5 axb5 42. cxb5 Ba5 43. Kf4 Bb6 44. Ke5 Bxc5 45. Bxc5 Kd7 46. a4
Bb7 47. c4 g5 48. a5 g4 49. a6 1-0

[Event "Dortmunder SV-SF Kirchhellen"]
[Site "Dortmund"]
[Date "2023.11.19"]
[Round "4.7"]
[White "Küper, Peter"]
[Black "Wilms, Christoph"]
[Result "1/2-1/2"]
[WhiteElo "1784"]
[BlackElo "1811"]
[Annotator "Rnd./Pair./Board: 04.003.07"]
[PlyCount "47"]
[EventDate "2023.??.??"]
[SourceDate "2023.11.29"]
[WhiteTeam "SF Kirchhellen"]
[BlackTeam "Dortmunder SV"]

1. e4 c5 2. Nc3 d6 3. g3 Nf6 4. Bg2 Nc6 5. d3 g6 6. h3 Bd7 7. Be3 Bg7 8. Qd2
O-O 9. Bh6 Nd4 10. Bxg7 Kxg7 11. Nf3 e5 12. Nd5 Nxd5 13. exd5 Nxf3+ 14. Bxf3 h6
15. h4 Qf6 16. Be4 Rae8 17. O-O-O Qd8 18. f4 Bg4 19. Rde1 f5 20. Bg2 exf4 21.
Qxf4 Rxe1+ 22. Rxe1 Re8 23. Re3 Re7 24. d4 1/2-1/2

[Event "Dortmunder SV-SF Kirchhellen"]
[Site "Dortmund"]
[Date "2023.11.19"]
[Round "4.8"]
[White "Wolff, Torsten"]
[Black "Belitz, Marco"]
[Result "0-1"]
[WhiteElo "1855"]
[BlackElo "1688"]
[Annotator "Rnd./Pair./Board: 04.003.08"]
[PlyCount "72"]
[EventDate "2023.??.??"]
[SourceDate "2023.11.29"]
[WhiteTeam "Dortmunder SV"]
[BlackTeam "SF Kirchhellen"]

1. d4 d5 2. Nf3 Nf6 3. e3 e6 4. c4 c6 5. Nc3 Nbd7 6. Bd3 dxc4 7. Bxc4 b5 8. Be2
a6 9. O-O c5 10. b3 Bb7 11. Bb2 Be7 12. Rc1 O-O 13. Qd2 Qb6 14. Rfd1 Rac8 15.
dxc5 Nxc5 16. Qe1 b4 17. Nb1 Nce4 18. Bc4 Rfd8 19. h3 Qa5 20. a4 Qh5 21. Qe2 a5
22. Rxd8+ Rxd8 23. Bd4 Ng5 24. Nxg5 Qxg5 25. f4 Qg6 26. Bb6 Rc8 27. Rd1 Nd5 28.
Bd4 Nf6 29. Bd3 Be4 30. Bxe4 Qxe4 31. Kh2 Rc2 32. Rd2 Rc1 33. Qb5 h5 34. Qxa5
Qxb1 35. f5 Ne4 36. Qa8+ Kh7 0-1

[Event "SV Bönen - SV Waltrop"]
[Site "?"]
[Date "2023.11.19"]
[Round "4.1"]
[White "Eckert, Marius"]
[Black "Mönkemeyer, Maik"]
[Result "1-0"]
[WhiteElo "2111"]
[BlackElo "1911"]
[PlyCount "59"]
[EventDate "2023.??.??"]
[SourceDate "2023.11.29"]
[WhiteTeam "SV Waltrop 1"]
[BlackTeam "SV Bönen 1"]

1. d4 d5 2. Bf4 Nf6 3. e3 c5 4. c3 Nc6 5. Nd2 Bf5 6. Ngf3 e6 7. Qb3 Qc8 8. Nh4
c4 9. Qd1 Bg4 10. f3 Bf5 11. e4 Bg6 12. a4 a6 13. g4 Be7 14. Nxg6 hxg6 15. h4
b5 16. e5 Nd7 17. h5 Qd8 18. Bg3 gxh5 19. gxh5 b4 20. a5 Rb8 21. f4 bxc3 22.
bxc3 Rb2 23. Qg4 Kf8 24. Be2 Nxa5 25. f5 Rxd2 26. fxe6 Qb6 27. O-O Nxe5 28.
Bxe5 f6 29. Rxa5 Qxa5 30. Qg6 1-0

[Event "SV Bönen - SV Waltrop"]
[Site "?"]
[Date "2023.11.19"]
[Round "4.2"]
[White "Merz, Martin"]
[Black "Gasper, Jörn"]
[Result "0-1"]
[WhiteElo "1944"]
[BlackElo "2045"]
[PlyCount "84"]
[EventDate "2023.??.??"]
[SourceDate "2023.11.29"]
[WhiteTeam "SV Bönen 1"]
[BlackTeam "SV Waltrop 1"]

1. d4 Nf6 2. Nf3 e6 3. c4 d5 4. Nc3 Nbd7 5. Bf4 dxc4 6. e3 Nd5 7. Bxc4 Nxf4 8.
exf4 Nb6 9. Bb3 Be7 10. O-O O-O 11. Ne5 Nd5 12. Qf3 c6 13. Rad1 Qc7 14. Rfe1
Bb4 15. g3 b6 16. Re2 Ne7 17. Nb5 Qb7 18. Nc3 Bxc3 19. Qxc3 Bd7 20. Qb4 Nf5 21.
Bc2 Rad8 22. Be4 Be8 23. Qc3 Qa6 24. Red2 Qxa2 25. b4 Qa6 26. Ra1 Qb5 27. d5
cxd5 28. Bd3 d4 29. Bxb5 dxc3 30. Rxd8 Bxb5 31. Rxf8+ Kxf8 32. Rc1 Nd4 33. Kg2
c2 34. f3 Be2 35. Kf2 Bd1 36. Ke1 f6 37. Nd3 Nb3 38. Rxd1 cxd1=Q+ 39. Kxd1 a5
40. Kc2 Nd4+ 41. Kc3 Nxf3 42. Nb2 axb4+ 0-1

[Event "SV Bönen - SV Waltrop"]
[Site "?"]
[Date "2023.11.19"]
[Round "4.3"]
[White "Atali, Dogukan"]
[Black "Fuest, Torsten"]
[Result "1/2-1/2"]
[WhiteElo "2010"]
[BlackElo "1907"]
[PlyCount "79"]
[EventDate "2023.??.??"]
[SourceDate "2023.11.29"]
[WhiteTeam "SV Waltrop 1"]
[BlackTeam "SV Bönen 1"]

1. e4 c5 2. Nf3 g6 3. d4 cxd4 4. Qxd4 Nf6 5. Nc3 Nc6 6. Qa4 d6 7. e5 dxe5 8.
Nxe5 Bd7 9. Nxd7 Qxd7 10. Bb5 Qe6+ 11. Be3 Bh6 12. O-O-O Bxe3+ 13. fxe3 O-O 14.
e4 Ne5 15. Nd5 Rfc8 16. Qb4 Nxd5 17. Rxd5 a6 18. Be2 b5 19. Qd2 Kg7 20. Qf4 f6
21. Rhd1 Rc7 22. Kb1 Rac8 23. Rc1 Rc5 24. Rxc5 Rxc5 25. h4 Nc6 26. Bg4 Qc4 27.
Qc7 Kf7 28. b3 Qc3 29. Qc8 Nd4 30. Qxa6 h5 31. Bd1 b4 32. Qd3 Nb5 33. Qxc3
Nxc3+ 34. Kb2 Nxe4 35. Be2 Nc3 36. Bc4+ Ke8 37. a3 Na4+ 38. Ka2 Nc3+ 39. Kb2
Na4+ 40. Ka2 1/2-1/2

[Event "SV Bönen - SV Waltrop"]
[Site "?"]
[Date "2023.11.19"]
[Round "4.4"]
[White "Helmert, Jochen"]
[Black "Winterberg, Andreas"]
[Result "0-1"]
[WhiteElo "1940"]
[BlackElo "2001"]
[PlyCount "80"]
[EventDate "2023.??.??"]
[SourceDate "2023.11.29"]
[WhiteTeam "SV Bönen 1"]
[BlackTeam "SV Waltrop 1"]

1. e4 e5 2. Nf3 Nc6 3. Bb5 a6 4. Ba4 Nf6 5. d3 b5 6. Bb3 Be7 7. O-O O-O 8. a4
Bb7 9. Nc3 b4 10. Nd5 d6 11. a5 Rb8 12. Be3 Bc8 13. Bc4 h6 14. h3 Re8 15. Nxf6+
Bxf6 16. Nh2 Bg5 17. Qh5 Be6 18. Bxa6 g6 19. Qe2 Kg7 20. Nf3 f5 21. Bxg5 hxg5
22. Qd2 f4 23. g4 Rh8 24. Kg2 Bxg4 25. Rh1 Bxh3+ 26. Kg1 g4 27. Ne1 Nd4 28. f3
gxf3 29. Qh2 Qh4 30. Qxh3 Qxh3 31. Rxh3 Rxh3 32. c3 bxc3 33. bxc3 Rg3+ 34. Kf1
Ne2 35. Nxf3 Rxf3+ 36. Kxe2 Re3+ 37. Kf1 Rh3 38. Ra4 Rh2 39. Rb4 Ra8 40. Kg1
Rc2 0-1

[Event "SV Bönen - SV Waltrop"]
[Site "?"]
[Date "2023.11.19"]
[Round "4.5"]
[White "Dunsche, Daniel"]
[Black "Wegner, Stephan"]
[Result "1-0"]
[WhiteElo "1979"]
[BlackElo "1823"]
[PlyCount "77"]
[EventDate "2023.??.??"]
[SourceDate "2023.11.29"]
[WhiteTeam "SV Waltrop 1"]
[BlackTeam "SV Bönen 1"]

1. e4 e6 2. d4 d5 3. Nd2 Nf6 4. e5 Nfd7 5. c3 c5 6. f4 Nc6 7. Ndf3 Qb6 8. a3
cxd4 9. cxd4 Be7 10. h4 h6 11. h5 a5 12. b3 Ndb8 13. Kf2 Na6 14. Bb2 Bd7 15.
Bd3 O-O 16. Ne2 f6 17. Bb1 fxe5 18. fxe5 Nxe5 19. Kg3 Nxf3 20. gxf3 Qd6+ 21. f4
Bb5 22. Qc2 Rf5 23. Qd2 Rg5+ 24. Kf3 Rf8 25. Ng3 Bd8 26. Bc1 Bc7 27. Rh4 e5 28.
dxe5 Qxe5 29. Qc2 Rxg3+ 30. Kxg3 Qe1+ 31. Qf2 Qc3+ 32. Kh2 Qxa1 33. Qc2 Qf6 34.
Qh7+ Kf7 35. Rg4 Nc5 36. Rxg7+ Ke6 37. Rg6 Qxg6 38. hxg6 Nd3 39. Qxc7 1-0

[Event "SV Bönen - SV Waltrop"]
[Site "?"]
[Date "2023.11.19"]
[Round "4.6"]
[White "Bauch, Olaf"]
[Black "Drewes, Martin"]
[Result "1/2-1/2"]
[WhiteElo "1871"]
[BlackElo "1949"]
[PlyCount "81"]
[EventDate "2023.??.??"]
[SourceDate "2023.11.29"]
[WhiteTeam "SV Bönen 1"]
[BlackTeam "SV Waltrop 1"]

1. e4 e5 2. Nf3 Nc6 3. Bb5 a6 4. Ba4 Nf6 5. d3 b5 6. Bb3 Be7 7. O-O d6 8. c3
O-O 9. Nbd2 Na5 10. Bc2 c5 11. d4 Qc7 12. h3 Bd7 13. Re1 Rac8 14. d5 c4 15. Nf1
Nb7 16. Ng3 Ne8 17. Nf5 Bxf5 18. exf5 Nc5 19. g4 f6 20. Be3 Bd8 21. Qd2 Qf7 22.
Rad1 Nd7 23. Nh2 Bb6 24. Nf1 Bc5 25. Ng3 Bxe3 26. fxe3 Nc5 27. Rf1 Qc7 28. h4
Qe7 29. Qg2 Rf7 30. Ne4 Nxe4 31. Bxe4 Qd8 32. a3 Rb7 33. g5 Rcb8 34. Rf2 Qb6
35. Qg3 Qd8 36. Rg2 Rc7 37. Bf3 Qe7 38. e4 Rcb7 39. Bh5 Rc8 40. Kh1 Rbc7 41.
Bxe8 1/2-1/2

[Event "SV Bönen - SV Waltrop"]
[Site "?"]
[Date "2023.11.19"]
[Round "4.7"]
[White "Breidenbach, Rolf"]
[Black "Lenz, Guntram"]
[Result "1/2-1/2"]
[WhiteElo "1896"]
[BlackElo "1833"]
[PlyCount "81"]
[EventDate "2023.??.??"]
[SourceDate "2023.11.29"]
[WhiteTeam "SV Waltrop 1"]
[BlackTeam "SV Bönen 1"]

1. d4 Nf6 2. Bf4 c6 3. c3 Qb6 4. Qc2 d6 5. Nd2 Nh5 6. Bg3 g6 7. Ngf3 Bg7 8. e4
Nd7 9. Be2 Qc7 10. Qb3 Nxg3 11. hxg3 e6 12. g4 c5 13. Rd1 Nb6 14. Bb5+ Ke7 15.
Qa3 a6 16. Be2 h6 17. dxc5 Qxc5 18. Qxc5 dxc5 19. Nb3 Na4 20. Rd2 b6 21. Kd1
Bb7 22. Bd3 Rhd8 23. Kc1 Rac8 24. Bc2 Bc6 25. Rhd1 Rxd2 26. Nbxd2 Rd8 27. Nc4
Rxd1+ 28. Kxd1 b5 29. Na5 Ba8 30. Kc1 Nb6 31. Nb3 Kd6 32. Nbd2 e5 33. b3 Nd7
34. Kb2 Nf6 35. Nh2 Nh7 36. f3 Bf6 37. Nhf1 Bg5 38. a4 Nf8 39. axb5 axb5 40.
Bd3 Bc6 41. Kc2 1/2-1/2

[Event "SV Bönen - SV Waltrop"]
[Site "?"]
[Date "2023.11.19"]
[Round "4.8"]
[White "Schütz, Ralf"]
[Black "Meier, Jan"]
[Result "0-1"]
[WhiteElo "1756"]
[BlackElo "1798"]
[PlyCount "70"]
[EventDate "2023.??.??"]
[SourceDate "2023.11.29"]
[WhiteTeam "SV Bönen 1"]
[BlackTeam "SV Waltrop 1"]

1. c4 d6 2. d4 e5 3. d5 f5 4. e4 Nf6 5. Nc3 Be7 6. Bg5 Nxe4 7. Bxe7 Qxe7 8.
Nxe4 fxe4 9. Qh5+ Qf7 10. Qxf7+ Kxf7 11. g3 Nd7 12. Rc1 a5 13. Ke2 Nc5 14. Ke3
Bf5 15. Bh3 Bxh3 16. Nxh3 Kg6 17. Rhf1 Rhf8 18. f3 exf3 19. Rxf3 Rxf3+ 20. Kxf3
Rf8+ 21. Ke3 Kh5 22. Rg1 g5 23. b3 Kg6 24. g4 h6 25. Nf2 Rf4 26. Rg3 Rxf2 27.
Kxf2 Ne4+ 28. Kf3 Nxg3 29. Kxg3 e4 30. Kf2 Kf6 31. Ke3 Ke5 32. a4 c5 33. dxc6
bxc6 34. b4 axb4 35. a5 b3 0-1

[Event "Borbeck- Brambauer"]
[Site "?"]
[Date "2023.11.19"]
[Round "4.1"]
[White "Schulz, Hartmut"]
[Black "Loyen, Egbert"]
[Result "1/2-1/2"]
[WhiteElo "2018"]
[BlackElo "2119"]
[PlyCount "33"]
[SourceDate "2023.11.29"]

1. d4 d5 2. Nf3 Nf6 3. Bf4 e6 4. e3 Bd6 5. Bg3 c5 6. c3 O-O 7. Nbd2 Qc7 8. Ne5
b6 9. Bd3 Ba6 10. Bxa6 Nxa6 11. O-O Nb8 12. f4 Nc6 13. Bh4 Ne8 14. Qa4 Rc8 15.
Nxc6 Qxc6 16. Qxc6 Rxc6 17. a4 1/2-1/2

[Event "Borbeck- Brambauer"]
[Site "?"]
[Date "2023.11.19"]
[Round "4.2"]
[White "Hillenbrand, Michael"]
[Black "Remmler, Volker"]
[Result "1/2-1/2"]
[WhiteElo "2095"]
[BlackElo "1984"]
[PlyCount "26"]
[SourceDate "2023.11.29"]

1. g3 g6 2. Bg2 Bg7 3. c4 e5 4. Nc3 d6 5. e3 Nf6 6. Nge2 O-O 7. O-O a5 8. d4 c6
9. b3 Na6 10. Bb2 h5 11. Qd2 Re8 12. Rfd1 e4 13. a3 Bf5 1/2-1/2

[Event "Borbeck- Brambauer"]
[Site "?"]
[Date "2023.11.19"]
[Round "4.3"]
[White "Koth, Stefan"]
[Black "Klasmeier, Jens"]
[Result "1-0"]
[WhiteElo "2039"]
[BlackElo "2048"]
[Annotator "daniel"]
[PlyCount "59"]
[SourceDate "2023.11.29"]

1. c4 e5 2. Nc3 Nf6 3. Nf3 e4 4. Ng5 c6 5. Ngxe4 Nxe4 6. Nxe4 d5 7. cxd5 cxd5
8. Nc3 d4 9. Nb1 Nc6 10. d3 Bb4+ 11. Bd2 O-O 12. Bxb4 Nxb4 13. Nd2 Re8 14. Qb3
a5 15. a3 Na6 16. g3 Be6 17. Qb5 Bd5 18. Rg1 Bc6 19. Qh5 $11 Qe7 20. Rc1 Rac8
21. Qxa5 Bb5 22. Rxc8 Rxc8 23. Nb3 Qg5 24. f4 Qd5 25. Nd2 Rc1+ 26. Kf2 Qd7 27.
Bh3 f5 28. Rxc1 Bc6 29. Qxf5 Qe7 30. Qe6+ 1-0

[Event "Borbeck- Brambauer"]
[Site "?"]
[Date "2023.11.19"]
[Round "4.4"]
[White "Dewenter, Ulf"]
[Black "Wagner, Norbert"]
[Result "1/2-1/2"]
[WhiteElo "2054"]
[BlackElo "2001"]
[Annotator "daniel"]
[PlyCount "72"]
[SourceDate "2023.11.29"]

1. c4 f5 2. Nc3 g6 3. g3 Bg7 4. Bg2 c6 5. d3 d6 6. e3 Nh6 7. Nge2 Nd7 8. O-O
O-O 9. Rb1 e5 10. Qc2 Nf7 11. b4 Nf6 $11 12. b5 d5 13. Ba3 Re8 14. bxc6 bxc6
15. Rfd1 Be6 16. cxd5 cxd5 17. Qa4 Rc8 18. Rdc1 Bh6 19. Nd1 Qd7 20. Qxd7 Nxd7
21. d4 Bg7 $11 22. dxe5 Bxe5 23. Bb2 Bxb2 24. Rxc8 Rxc8 25. Rxb2 Nb6 26. Ndc3
Ne5 27. h3 Nec4 28. Rb5 a6 29. Rb4 g5 30. a4 Rc5 31. h4 h6 32. hxg5 hxg5 33.
Rb1 Kf7 34. Rd1 Nd6 35. Rb1 Ndc4 36. Rd1 Nd6 1/2-1/2

[Event "Borbeck- Brambauer"]
[Site "?"]
[Date "2023.11.19"]
[Round "4.5"]
[White "Zimmermann, Dirk"]
[Black "Korste, Sebastian"]
[Result "1/2-1/2"]
[WhiteElo "1867"]
[BlackElo "1996"]
[PlyCount "101"]
[SourceDate "2023.11.29"]

1. d4 Nf6 2. c4 e6 3. g3 d5 4. Bg2 c6 5. Nd2 Nbd7 6. Ngf3 Be7 7. O-O O-O 8. b3
Re8 9. Bb2 b5 10. Ne5 Nxe5 11. dxe5 Nd7 12. cxb5 cxb5 13. Nf3 Bb7 14. Rc1 Bc5
15. Qd2 a5 16. Qf4 Rc8 17. h4 Qe7 18. Nd4 Ba6 19. Rfd1 Nb6 20. Bf1 b4 21. Qd2
Qb7 22. Bg2 Red8 23. e3 Nd7 24. Ne2 Bb5 25. Nf4 Be7 26. Bd4 Qa6 27. Bf1 Bxf1
28. Rxf1 Nc5 29. Bxc5 Bxc5 30. Ne2 Rc7 31. Rc2 Rdc8 32. Rfc1 h6 33. Nf4 Qb6 34.
Nd3 Bf8 35. Rxc7 Rxc7 36. Rxc7 Qxc7 37. Kf1 g6 38. Ke2 Bg7 39. Qb2 g5 40. hxg5
hxg5 41. f4 gxf4 42. gxf4 Qd8 43. Qd4 Qh4 44. Qb6 Qg4+ 45. Kf2 Qd1 46. Nc5 Kh7
47. Nd7 Qc2+ 48. Kf3 Qd1+ 49. Kf2 Qc2+ 50. Kf3 Qd1+ 51. Kf2 1/2-1/2

[Event "Borbeck- Brambauer"]
[Site "?"]
[Date "2023.11.19"]
[Round "4.6"]
[White "Poetter, Clemens"]
[Black "Czeratzki, Michael"]
[Result "1/2-1/2"]
[WhiteElo "1986"]
[BlackElo "1862"]
[PlyCount "34"]
[SourceDate "2023.11.29"]

1. d4 f5 2. g3 Nf6 3. Bg2 e6 4. Nh3 Be7 5. O-O O-O 6. Nd2 d5 7. c3 c6 8. f3 Bd6
9. e4 e5 10. dxe5 Bxe5 11. f4 Bc7 12. exd5 Bb6+ 13. Kh1 cxd5 14. Nf3 h6 15. Nd4
Nc6 16. Be3 Ng4 17. Bg1 Bxd4 1/2-1/2

[Event "Borbeck- Brambauer"]
[Site "?"]
[Date "2023.11.19"]
[Round "4.7"]
[White "Jochmann, Christian"]
[Black "Klasmeier, Hartmut"]
[Result "1-0"]
[WhiteElo "1810"]
[BlackElo "1905"]
[PlyCount "75"]
[SourceDate "2023.11.29"]

1. e4 e6 2. d4 d5 3. Nd2 c5 4. exd5 exd5 5. Ngf3 Bg4 6. Bb5+ Nd7 7. O-O Bd6 8.
Re1+ Ne7 9. h3 Be6 10. Ng5 O-O 11. Rxe6 fxe6 12. Nxe6 Qc8 13. Nxf8 Nxf8 14.
dxc5 Bxc5 15. Bd3 Qe6 16. Nb3 Bb6 17. Bg5 Neg6 18. Qd2 Re8 19. Bxg6 Nxg6 20.
Rd1 Bc7 21. Nd4 Qe4 22. Nf3 Ne5 23. Qxd5+ Qxd5 24. Rxd5 Nxf3+ 25. gxf3 Re1+ 26.
Kg2 Re2 27. Rd2 Re6 28. Be3 a6 29. Rd7 Rc6 30. Bd4 h6 31. Rxg7+ Kf8 32. c3 b5
33. Rd7 Ke8 34. Rh7 a5 35. Kf1 b4 36. Ke2 Bf4 37. Kd3 bxc3 38. bxc3 1-0

[Event "Borbeck- Brambauer"]
[Site "?"]
[Date "2023.11.19"]
[Round "4.8"]
[White "Strauß, Dirk"]
[Black "Deckert, Frank"]
[Result "1-0"]
[WhiteElo "1888"]
[BlackElo "1849"]
[PlyCount "101"]
[SourceDate "2023.11.29"]

1. d4 Nf6 2. Nf3 c5 3. d5 d6 4. Nc3 e5 5. e4 Be7 6. Bb5+ Nbd7 7. a4 a6 8. Be2
O-O 9. O-O b6 10. Nd2 Rb8 11. Nc4 Ne8 12. f4 f5 13. exf5 Rxf5 14. Bg4 Rf8 15.
Be6+ Kh8 16. Bxd7 Qxd7 17. fxe5 Rxf1+ 18. Qxf1 dxe5 19. Nxe5 Qf5 20. Nc6 Qxf1+
21. Kxf1 Rb7 22. Nxe7 Rxe7 23. Bg5 Rf7+ 24. Kg1 Nf6 25. Rf1 Kg8 26. Bxf6 Rxf6
27. Rxf6 gxf6 28. Nd1 c4 29. Kf2 Bd7 30. a5 bxa5 31. Ke3 Ba4 32. Kd4 Bxc2 33.
Ne3 Ba4 34. Nxc4 Kf7 35. Kc5 Ke7 36. d6+ Kd8 37. Nxa5 Bb5 38. Nc6+ Kd7 39. Nb8+
Kd8 40. Kb6 Bf1 41. g3 h5 42. b4 Be2 43. d7 Bb5 44. h4 f5 45. Kc5 Ke7 46. Kd5
Ba4 47. Ke5 Bc2 48. Nxa6 Kxd7 49. Nc5+ Kc6 50. Ne6 Bd1 51. Nd4+ 1-0

[Event "Haltern- Werl"]
[Site "?"]
[Date "2023.11.19"]
[Round "4.1"]
[White "Schwarzkopf, Christian"]
[Black "Michalicek, Roland"]
[Result "1-0"]
[WhiteElo "1986"]
[BlackElo "1861"]
[PlyCount "25"]
[SourceDate "2023.11.29"]

1. Nf3 d5 2. g3 Nd7 3. Bg2 e5 4. O-O Bd6 5. d3 f5 6. c4 d4 7. e3 c5 8. exd4
exd4 9. Re1+ Ne7 10. Qe2 h6 11. Nh4 Rf8 12. Qh5+ Rf7 13. Bd5 1-0

[Event "Haltern- Werl"]
[Site "?"]
[Date "2023.11.19"]
[Round "4.2"]
[White "Czarnik, Jozef"]
[Black "Stolle, Dietmar"]
[Result "1-0"]
[WhiteElo "1899"]
[BlackElo "1997"]
[PlyCount "59"]
[SourceDate "2023.11.29"]

1. e4 c5 2. Nf3 d6 3. c3 Nf6 4. Be2 Nc6 5. d4 cxd4 6. cxd4 Bg4 7. Nc3 e6 8. O-O
d5 9. e5 Nd7 10. h3 Bh5 11. Be3 Be7 12. Nh2 Bxe2 13. Nxe2 Qb6 14. Nf4 Na5 15.
b3 O-O 16. Nh5 f5 17. g4 Nc6 18. Kh1 g6 19. Rg1 Ba3 20. gxf5 Rxf5 21. Qg4 Bb2
22. Rad1 Nf8 23. Nf6+ Kh8 24. Nf3 Rxf3 25. Qxf3 Bxd4 26. Bxd4 Nxd4 27. Qh5 Kg7
28. Nxh7 Nf5 29. Nxf8 Qxf2 30. Nxe6+ 1-0

[Event "Haltern- Werl"]
[Site "?"]
[Date "2023.11.19"]
[Round "4.3"]
[White "Krahn, Reinhard"]
[Black "Lombardi, Marco"]
[Result "0-1"]
[WhiteElo "1756"]
[BlackElo "1866"]
[PlyCount "80"]
[SourceDate "2023.11.29"]

1. e4 c5 2. Nf3 d6 3. d4 cxd4 4. Nxd4 Nf6 5. Nc3 a6 6. Be2 g6 7. O-O Bg7 8. Be3
O-O 9. f3 b5 10. a3 Bb7 11. Qd2 Nbd7 12. Rac1 Rc8 13. Nd1 Nb6 14. Qd3 Nc4 15.
Bf2 d5 16. exd5 Nxd5 17. g3 e5 18. Nb3 Qg5 19. h4 Qe7 20. c3 Rfd8 21. Qc2 Ndb6
22. Ra1 e4 23. fxe4 Bxe4 24. Qc1 Ba8 25. Qf4 Qxe2 26. Ne3 Nxe3 27. Rae1 Qxb2
28. Qxe3 Nd5 29. Qa7 Qxb3 30. Bc5 Rc7 31. Qxa6 Qxc3 32. Bd6 Bd4+ 33. Kh2 Qc2+
34. Kh3 Rc6 35. Qxb5 Nc3 36. Qg5 Rcxd6 37. Rxf7 Kxf7 38. Re7+ Kg8 39. Qh6 Bg2+
40. Kg4 Qf5# 0-1

[Event "Haltern- Werl"]
[Site "?"]
[Date "2023.11.19"]
[Round "4.4"]
[White "Schulz, Alfons"]
[Black "Scheibe, Andreas"]
[Result "1/2-1/2"]
[WhiteElo "1759"]
[BlackElo "1770"]
[PlyCount "50"]
[SourceDate "2023.11.29"]

1. Nf3 d5 2. g3 g6 3. Bg2 Bg7 4. O-O Nf6 5. d3 c6 6. Nbd2 Nbd7 7. e4 Qc7 8. Re1
dxe4 9. dxe4 Ng4 10. Qe2 O-O 11. h3 Nge5 12. Nh2 c5 13. f4 Nc6 14. c3 e5 15.
Ndf1 exf4 16. gxf4 Nf6 17. Ng3 Be6 18. Qf2 b6 19. Nf3 Rad8 20. f5 gxf5 21. Nxf5
Bxf5 22. exf5 Rde8 23. Bg5 h6 24. Bh4 Qf4 25. Nd2 Qxf2+ 1/2-1/2

[Event "Haltern- Werl"]
[Site "?"]
[Date "2023.11.19"]
[Round "4.5"]
[White "Hering, Christian"]
[Black "Lohkemper, Malte"]
[Result "1/2-1/2"]
[WhiteElo "1595"]
[BlackElo "1697"]
[PlyCount "55"]
[SourceDate "2023.11.29"]

1. e4 c6 2. d4 d5 3. e5 Bf5 4. Nf3 e6 5. Bd3 Bxd3 6. Qxd3 Nd7 7. O-O Ne7 8. Bg5
h6 9. Bxe7 Bxe7 10. Nbd2 O-O 11. a3 Rc8 12. b4 a5 13. Rfb1 axb4 14. axb4 Ra8
15. c3 Qc7 16. Nb3 b6 17. Nbd2 c5 18. bxc5 bxc5 19. g3 Ra7 20. Ra6 Rfa8 21.
Rba1 c4 22. Rxa7 Rxa7 23. Rxa7 Qxa7 24. Qc2 Qa1+ 25. Kg2 Nb6 26. Ng1 Na4 27.
Ne2 g6 28. f4 1/2-1/2